Emil Běžec /

Hlavní autor: Kosatík, Pavel, 1962-
Další autoři: Vrzák, Aleš, 1970-, Trojan, Ivan, 1964-
Jazyk: Čeština
Vydáno: Praha : Radioservis, [2016]
Témata:
Fyzický popis: 1 audiodisk (4 hod., 19 min.) ; 12 cm
Zvukové nahrávky
Uloženo v:
LEADER 02020nim a2200601 i 4500
001 001535626
003 CZ BrMZK
005 20160728131019.0
007 sd fungnnmmned
008 160718t20162016xr ||nne f n cze
024 3 |a 8590236087620 
028 0 1 |a CR0876-2  |b Radioservis 
040 |a BOA001  |b cze  |e rda 
043 |a e-xr--- 
045 |a x2y0 
072 7 |a 796  |x Sport. Hry. Tělesná cvičení  |2 Konspekt  |9 20 
072 7 |a 929  |x Biografie  |2 Konspekt  |9 8 
080 |a 796.42/.43.071.2  |2 MRF 
080 |a 796.422.071.2  |2 MRF 
080 |a 929  |2 MRF 
080 |a (437.3)  |2 MRF 
080 |a (092)  |2 MRF 
080 |a (086.7)08  |2 MRF 
080 |a (086.76)  |2 MRF 
100 1 |a Kosatík, Pavel,  |d 1962-  |7 jn19990201035  |4 aut 
245 1 0 |a Emil Běžec /  |c Pavel Kosatík 
264 1 |a Praha :  |b Radioservis,  |c [2016] 
264 4 |c ©2016 
300 |a 1 audiodisk (4 hod., 19 min.) ;  |c 12 cm 
306 |a 041900 
336 |a mluvené slovo  |b spw  |2 rdacontent 
337 |a audio  |b s  |2 rdamedia 
338 |a audiodisk  |b sd  |2 rdacarrier 
344 |a digital  |b optical  |2 rda 
347 |a audio soubor  |b MP3  |2 rda 
500 |a Název z disku 
500 |a Fonogram 1996 Český rozhlas 
500 |a "Obsahuje citace z dobových rozhlasových dokumentů"--Pouzdro 
508 |a Režie Aleš Vrzák 
511 0 |a Čte Ivan Trojan 
600 1 7 |a Zátopek, Emil,  |d 1922-2000  |7 jk01152198  |2 czenas 
648 7 |a 20. století  |7 ch460558  |2 czenas 
650 0 7 |a atleti  |7 ph135684  |z Česko  |y 20. století  |2 czenas 
650 0 7 |a běžci  |7 ph384523  |z Česko  |y 20. století  |2 czenas 
655 7 |a biografie  |7 fd131909  |2 czenas 
655 7 |a audioknihy  |7 fd119452  |2 czenas 
655 7 |a kompaktní disky  |7 fd201991  |2 czenas 
700 1 |a Vrzák, Aleš,  |d 1970-  |7 xx0025610  |4 drt 
700 1 |a Trojan, Ivan,  |d 1964-  |7 jn20000402395  |4 stl 
910 |a BOA001  |b CDR-1372.012 
990 |a AV 
991 |b 201607  |c NOV 
996 6 |b 2610676539  |c CDR-1372.012  |l MZK  |r Sklad / do 24 hodin  |n 0  |p p.v.  |w 001570830  |u 000010  |a 1  |e BOA001  |j MZK50  |s P